000 01064cam a2200217 4500
001 WB3724-11
008 000000n2001 000 0 eng u
035 _a(Sirsi) u113173
245 _aDirectory of registered property receivers published
260 _ac2001
490 _aRICS Press Release
_v(082) 15 June 2001, (1)
520 _aThe newly published directory of registered property receivers lists members of the voluntary Fixed Charge Receivership Scheme, set up jointly by RICS, the Insolvency Practitioners Association and the Association of Chartered Certified Accountants. The activities of members of the scheme will all be overseen by a joint registration committee. To obtain copies of the directory contact Liz Weaver, RICS management consultancy faculty executive, on: 020 7695 1597; email: [email protected]
590 _aWB
650 _aDIRECTORY
650 _aFIXED CHARGE RECEIVERSHIP SCHEME
650 _aRECEIVERSHIP
650 _aInsolvency
_96247
650 _aRICS
690 _aMANAGEMENT-BUSINESS MANAGEMENT
942 _n0
999 _c67394
_d67394